Estudio de la recolección, tratamiento y disposición de las aguas negras de Tamarindo-Guanacaste

Spremljeno u:
Bibliografski detalji
Glavni autor: Salazar González, Jorge Eduardo
Format: Knjiga
Izdano: San José, C.R. 1996
Teme:
Oznake: Dodaj oznaku
Bez oznaka, Budi prvi tko označuje ovaj zapis!

MARC

LEADER 00000nam a2200000Ia 4500
003 008005
005 20221231144244.0
008 140114s1996 cr a m 000 ||s d
040 |c cru CEDI 
090 |a TFG 3516 
100 |a Salazar González, Jorge Eduardo  |9 10205 
245 |a Estudio de la recolección, tratamiento y disposición de las aguas negras de Tamarindo-Guanacaste 
260 |c 1996  |a  San José, C.R. 
300 |a  [218] hojas : ilustraciones  
500 |a  Proyecto de graduación (licenciatura en ingeniería civil)--Universidad de Costa Rica. Facultad de Ingeniería. Escuela de Ingeniería Civil 
650 |x PURIFICACION DE AGUAS RESIDUALES   |x DISPOSICION DE AGUAS RESIDUALES - TAMARINDO (SANTA CRUZ, GUANACASTE, COSTA RICA)  |9 10206 
942 |c TFG 
999 |c 19153  |d 19153